|
|
|
|
| LEADER |
00000nas a2200000 a 4500 |
| 001 |
ssj0001936 |
| 003 |
WaSeSS |
| 005 |
20200512172242.0 |
| 006 |
m d |
| 007 |
cr n |
| 008 |
000614c19949999paumr pss 0 a0eng c |
| 010 |
|
|
|a 2003213206
|
| 022 |
|
|
|a 1543-1940
|l 1073-5623
|y 1073-5623
|
| 035 |
|
|
|a (WaSeSS)ssj0001936
|
| 040 |
|
|
|a EXW
|b eng
|e pn
|c EXW
|d OCLCQ
|d NSD
|d GUA
|d OCLCQ
|d BUF
|d OCLCF
|d OCLCO
|d DLC
|d OCLCQ
|d NTG
|d NJT
|d VT2
|d DLC
|d WaSeSS
|
| 042 |
|
|
|a nsdp
|a pcc
|
| 050 |
0 |
0 |
|a TN1
|
| 130 |
0 |
|
|a Metallurgical and materials transactions. A, Physical metallurgy and materials science (Online)
|
| 210 |
0 |
|
|a Metall. mater. trans., A, Phys. metall. mater. sci.
|b (Online)
|
| 222 |
|
0 |
|a Metallurgical and materials transactions. A, Physical metallurgy and materials science
|b (Online)
|
| 245 |
1 |
0 |
|a Metallurgical and materials transactions.
|n A,
|p Physical metallurgy and materials science
|h [electronic resource].
|
| 246 |
3 |
0 |
|a Physical metallurgy and materials science
|
| 260 |
|
|
|a Warrendale, PA ;
|a Materials Park, OH :
|b Published jointly by the Minerals, Metals & Materials Society and ASM International
|
| 310 |
|
|
|a 12 issues per year,
|b 2015-
|
| 321 |
|
|
|a Thirteen issues a year,
|b 1997-2014
|
| 321 |
|
|
|a Monthly,
|b -1996
|
| 362 |
1 |
|
|a Print began with vol. 25A, no. 1 (Jan. 1994).
|
| 506 |
|
|
|a License restrictions may limit access.
|
| 525 |
|
|
|a Has occasional supplements.
|
| 538 |
|
|
|a Mode of access: World Wide Web.
|
| 580 |
|
|
|a Along with: Metallurgical and materials transactions. B, Process metallurgy and materials processing science (Online); absorbed: Journal of light metals (Online).
|
| 588 |
|
|
|a Description based on: Vol. 27A, issue 11 (Nov. 1996); title from journal home page (viewed Jan. 17, 2003).
|
| 588 |
|
|
|a Latest issue consulted: Vol. 50, issue 10 (Oct. 2019) (Springer Link, viewed Sept. 27, 2019).
|
| 650 |
|
0 |
|a Physical metallurgy
|v Periodicals.
|
| 650 |
|
0 |
|a Materials science
|v Periodicals.
|
| 650 |
|
7 |
|a Materials science.
|2 fast
|0 (OCoLC)fst01011957
|
| 650 |
|
7 |
|a Physical metallurgy.
|2 fast
|0 (OCoLC)fst01062712
|
| 655 |
|
0 |
|a Electronic journals.
|
| 710 |
2 |
|
|a Minerals, Metals and Materials Society.
|
| 710 |
2 |
|
|a ASM International.
|
| 776 |
0 |
8 |
|i Print version:
|t Metallurgical and materials transactions. A, Physical metallurgy and materials science
|x 1073-5623
|w (DLC) 94659198
|w (OCoLC)29464215
|
| 780 |
1 |
5 |
|t Journal of light metals (Online)
|g 2003
|w (DLC) 2003233189
|w (OCoLC)46596519
|
| 780 |
0 |
0 |
|t Metallurgical transactions. A, [Physical metallurgy and materials science]
|x 2379-0180
|w (DLC) 2015201130
|w (OCoLC)301577503
|
| 850 |
|
|
|a DLC
|
| 856 |
4 |
0 |
|z Full text available from Research Library: 01/01/1998 to 1 year ago
|u https://search.proquest.com/publication/49316
|